000 00321nam a22001457a 4500
008 230317b ||||| |||| 00| 0 eng d
020 _a78174344
041 _aeng
080 _a721
082 _a721HTF
100 _a19
101 _aART
245 _aHANDBOOK OF STEEL DRAINGE
_cHIGHWAY TASK FORCE
942 _2udc
_cBK
999 _c59371
_d59371